Эквивалентный показатель качества изготовления асинхронных двигателей; Исследование специальных электрических машин и машинно-вентильных систем

Podrobná bibliografie
Parent link:Исследование специальных электрических машин и машинно-вентильных систем.— 1984.— С. 84-88
Hlavní autor: Муравлев О. П. Олег Павлович
Další autoři: Шапкина О. Ф.
Jazyk:ruština
Vydáno: 1984
Témata:
Médium: MixedMaterials Kapitola
KOHA link:https://koha.lib.tpu.ru/cgi-bin/koha/opac-detail.pl?biblionumber=267510

MARC

LEADER 00000naa2a2200000 4500
001 267510
005 20231031223758.0
035 |a (RuTPU)RU\TPU\book\290567 
035 |a RU\TPU\book\290561 
090 |a 267510 
100 |a 20140730d1984 k y0rusy50 ca 
101 0 |a rus 
102 |a RU 
200 1 |a Эквивалентный показатель качества изготовления асинхронных двигателей  |f О. П. Муравлев, О. Ф. Шапкина 
320 |a Библиогр.: с. 88 (5 назв.) 
463 0 |0 (RuTPU)RU\TPU\book\205041  |t Исследование специальных электрических машин и машинно-вентильных систем  |o межвузовский научно-технический сборник  |f Томский политехнический институт (ТПИ); под ред. Г. А. Сипайлова  |v С. 84-88  |d 1984  |p 168 с. 
610 1 |a труды учёных ТПУ 
700 1 |a Муравлев  |b О. П.  |c специалист в области электротехники  |c профессор Томского политехнического университета, доктор технических наук  |f 1937-  |g Олег Павлович  |2 stltpush  |3 (RuTPU)RU\TPU\pers\19841 
701 1 |a Шапкина  |b О. Ф. 
801 1 |a RU  |b 63413507  |c 20130211 
801 2 |a RU  |b 63413507  |c 20150908  |g RCR 
942 |c BK